Normal view
MARC view
Entry Topical Term
001 - CONTROL NUMBER
- control field: 49276
003 - CONTROL NUMBER IDENTIFIER
- control field: ARRUPE
005 - DATE AND TIME OF LATEST TRANSACTION
- control field: 20200203093424.0
008 - FIXED-LENGTH DATA ELEMENTS
- fixed length control field: 200203|| aca||aabn | a|a d
040 ## - CATALOGING SOURCE
- Original cataloging agency: ARRUPE
- Transcribing agency: ARRUPE
150 ## - HEADING--TOPICAL TERM
- Topical term or geographic name as entry element: Industrial management
- Geographic subdivision: South Africa
- Form subdivision: Case studies.
670 ## - SOURCE DATA FOUND
- Source citation: Work cat.: (ARRUPE)0: Lessem, Ronnie. 49275, Sawubona Africa :, 1996.